000 00339nam a2200145Ia 4500
008 150201s2009 xx 000 0 und d
082 _a617.3
_bM09B
100 _aB0R0N, W.F.
245 _aMEDICAL PHYSIOLOGY
250 _a2ND
260 _bSUNDERS
_aPHILADELPHIA
_c2009
300 _a1-1337
650 _aHUMAN PHYSIOLOGY
942 _2ddc
_cBK
999 _c337
_d337